| 000 | 00939nam a2200253 a 4500 | ||
|---|---|---|---|
| 001 | BRL_1143 | ||
| 005 | 20190320211044.0 | ||
| 008 | 151113s1992----u--o######---#000-0#eng-# | ||
| 020 | _a0811801632 | ||
| 041 | _aeng | ||
| 044 | _au | ||
| 050 | 4 |
_aE78.G73 _b.B43 1992 |
|
| 245 | 1 | 0 |
_aBecoming brave _bthe path to native American manhood _cIntroduction and captions by Laine Thom ; designed and produced by McQuiston & Partners. |
| 260 |
_aSan Francisco _bChronicle Books _c1992 |
||
| 300 |
_a120 p. _bil. (algunas a color) _c25 cm. |
||
| 500 | _aAu1321 | ||
| 504 | _aBibliografía: p. 120 | ||
| 650 | 1 | 4 |
_aIndígenas de América del Norte _xVida social y costumbres _zGrandes llanuras _925920 |
| 650 | 1 | 4 |
_aIndígenas de América del Norte _xCultura material _zGrandes llanuras _925921 |
| 650 | 1 | 4 |
_aIndígenas de América del Norte _xIndumetaria _zGrandes llanuras _925922 |
| 700 | 1 |
_aThom, Laine _925923 |
|
| 902 | _aGRL | ||
| 942 |
_2lcc _cB |
||
| 999 |
_c9955 _d9955 |
||